Die Zukunft der Sozialpolitik

Saved in:  
Bibliographic Details
Main Author: Bäcker, Gerhard 1947- (Author)
Format: Print Article
Language:German
Published: 1988
In: Aus Politik und Zeitgeschichte
Year: 1988, Volume: 38, Issue: 21, Pages: 24-35
Check availability: HBZ Gateway
Keywords:

MARC

LEADER 00000caa a22000002c 4500
001 25955491X
003 DE-627
005 20220512115613.0
007 tu
008 150128s1988 gw ||||| 00| ||ger c
035 |a (DE-627)25955491X 
035 |a (DE-576)425466205 
035 |a (DE-599)GBV25955491X 
040 |a DE-627  |b ger  |c DE-627  |e rakwb 
041 |a ger 
044 |c XA-DE 
100 1 |a Bäcker, Gerhard  |d 1947-  |0 (DE-588)138128162  |0 (DE-627)599885440  |0 (DE-576)160141702  |4 aut 
109 |a Bäcker, Gerhard 1947-  |a Bäcker, G. 1947-  |a Bäcker-Brell, Gerhard 1947-  |a Brell, Gerhard Bäcker 1947-  |a Bäcker 1947- 
245 1 4 |a Die Zukunft der Sozialpolitik  |c Gerhard Bäcker 
264 1 |c 1988 
336 |a Text  |b txt  |2 rdacontent 
337 |a ohne Hilfsmittel zu benutzen  |b n  |2 rdamedia 
338 |a Band  |b nc  |2 rdacarrier 
650 7 |8 1.1\x  |a Sozialpolitik  |0 (DE-627)091390451  |0 (DE-2867)16545-6  |2 stw 
650 7 |8 1.2\x  |a Deutschland  |0 (DE-627)091354749  |0 (DE-2867)18012-3  |2 stw 
655 4 |0 (DE-206)49  |a Aufsatz in Zeitschrift  |5 DE-206 
773 0 8 |i In  |t Aus Politik und Zeitgeschichte  |d Bonn : Bundeszentrale für Politische Bildung, 1953  |g 38 (1988),21/22, S. 24-35  |w (DE-627)12930347X  |w (DE-600)123630-1  |w (DE-576)014497662  |x 0479-611X  |7 nnas 
773 1 8 |g volume:38  |g year:1988  |g number:21  |g pages:24-35 
951 |a AR 
ELC |b 1 
LOK |0 000 xxxxxcx a22 zn 4500 
LOK |0 001 3305711868 
LOK |0 003 DE-627 
LOK |0 004 25955491X 
LOK |0 005 20150128154023 
LOK |0 008 150128||||||||||||||||ger||||||| 
LOK |0 040   |a DE-21-110  |c DE-627  |d DE-21-110 
LOK |0 689   |a s  |a Sozialpolitik 
LOK |0 852   |z Kein Bestand am IfK; Nachweis für KrimDok 
LOK |0 852   |a DE-21-110 
LOK |0 852 1  |m v  |9 00 
LOK |0 935   |a k110 
LOK |0 938   |k v 
LOK |0 939   |a 28-01-15  |b l01 
ORI |a SA-MARC-krimdoka001.raw